[Event "Dyfed Open"]
[Site "Fishguard"]
[Date "2020.02.15"]
[Round "3.15"]
[White "Knight, Colin B"]
[Black "Probert, Malcolm"]
[Result "1/2-1/2"]
[WhiteElo "1759"]
[BlackElo "1565"]
[PlyCount "64"]
[EventDate "2020.02.14"]
[EventType "swiss"]
[EventRounds "5"]
[EventCountry "WLS"]
[SourceTitle "BritBase"]
[Source "John Saunders"]
[SourceDate "2024.03.04"]
[SourceVersion "1"]
[SourceVersionDate "2020.02.18"]
[SourceQuality "1"]

1. d4 d5 2. c4 c6 3. Nc3 Nf6 4. Nf3 g6 5. Bf4 Bg7 6. e3 O-O 7. cxd5 cxd5 8. Be2
Nc6 9. O-O a6 10. a4 b6 11. Ne5 Bb7 12. Nd3 e6 13. b4 Nh5 14. Bxh5 gxh5 15.
Qxh5 Rc8 16. Ne2 Qe7 17. Qg4 Kh8 18. Ng3 Rg8 19. Qe2 f6 20. h4 e5 21. Nf5 Qd7
22. Nxg7 Qxg7 23. Bg3 exd4 24. Rac1 dxe3 25. Qxe3 d4 26. Qf4 Ne7 27. Qxd4 Nf5
28. Qf4 Nxg3 29. fxg3 Rxc1 30. Rxc1 Qxg3 31. Qxf6+ Rg7 32. Qf8+ Rg8 1/2-1/2

[Event "Dyfed Open"]
[Site "Fishguard"]
[Date "2020.02.15"]
[Round "3.16"]
[White "Greatorex, Roger"]
[Black "Lawrence, Alex"]
[Result "1-0"]
[WhiteElo "1735"]
[BlackElo "1466"]
[PlyCount "53"]
[EventDate "2020.02.14"]
[EventType "swiss"]
[EventRounds "5"]
[EventCountry "WLS"]
[SourceTitle "BritBase"]
[Source "John Saunders"]
[SourceDate "2024.03.04"]
[SourceVersion "1"]
[SourceVersionDate "2020.02.18"]
[SourceQuality "1"]

1. d4 Nf6 2. Nf3 d5 3. Bg5 Nc6 4. Bxf6 gxf6 5. c3 e5 6. e3 Be6 7. g3 Qd7 8. Bb5
Bd6 9. dxe5 fxe5 10. Ng5 O-O-O 11. Qa4 Kb8 12. Nd2 Bf5 13. e4 dxe4 14. Ngxe4
Bf8 15. O-O Bh6 16. Rad1 Qe6 17. Nc5 Qf6 18. Nxb7 Rxd2 19. Rxd2 Bh3 20. Qa6 Qf3
21. Bxc6 e4 22. Bxe4 Qxe4 23. f3 Qe3+ 24. Rdf2 Bxf1 25. Kxf1 Qc1+ 26. Kg2 Be3
27. Na5 1-0

[Event "Dyfed Open"]
[Site "Fishguard"]
[Date "2020.02.16"]
[Round "4.1"]
[White "Bourne, Johnathan Dudley"]
[Black "Young, Alan J"]
[Result "0-1"]
[WhiteElo "1904"]
[BlackElo "2051"]
[PlyCount "50"]
[EventDate "2020.02.14"]
[EventType "swiss"]
[EventRounds "5"]
[EventCountry "WLS"]
[SourceTitle "BritBase"]
[Source "John Saunders"]
[SourceDate "2024.03.04"]
[SourceVersion "1"]
[SourceVersionDate "2020.02.18"]
[SourceQuality "1"]

1. e4 e5 2. f4 exf4 3. Bc4 Nc6 4. d4 Nf6 5. e5 d5 6. exf6 dxc4 7. d5 Ne5 8. Qe2
Qxf6 9. Nf3 Bd6 10. Nc3 O-O 11. Ne4 Nxf3+ 12. Qxf3 Re8 13. O-O Qd4+ 14. Nf2 Bf5
15. c3 Qe5 16. Bd2 Qe2 17. Bc1 Qxf3 18. gxf3 g5 19. Ng4 Bxg4 20. fxg4 Re2 21.
h4 h6 22. hxg5 hxg5 23. b4 cxb3 24. axb3 Bc5+ 25. Kh1 Kg7 0-1

[Event "Dyfed Open"]
[Site "Fishguard"]
[Date "2020.02.16"]
[Round "4.2"]
[White "Harding, Gareth"]
[Black "Williams, Arthur Howard"]
[Result "0-1"]
[WhiteElo "1557"]
[BlackElo "2246"]
[PlyCount "66"]
[EventDate "2020.02.14"]
[EventType "swiss"]
[EventRounds "5"]
[EventCountry "WLS"]
[SourceTitle "BritBase"]
[Source "John Saunders"]
[SourceDate "2024.03.04"]
[SourceVersion "1"]
[SourceVersionDate "2020.02.18"]
[SourceQuality "1"]

1. d4 Nf6 2. Nc3 c5 3. d5 d6 4. e4 g6 5. Be2 Bg7 6. Bg5 Qa5 7. Qd3 Na6 8. Qb5+
Qxb5 9. Bxb5+ Bd7 10. Bxd7+ Kxd7 11. Nf3 b5 12. Nd2 Nc7 13. O-O h6 14. Bh4 g5
15. Bg3 Nh5 16. Nd1 e6 17. dxe6+ fxe6 18. Rb1 Rhf8 19. Ne3 Rae8 20. Rfd1 Nxg3
21. hxg3 Kc6 22. a3 d5 23. exd5+ exd5 24. a4 a6 25. c3 d4 26. cxd4 cxd4 27.
axb5+ axb5 28. Rbc1+ Kb6 29. Nc2 Re2 30. f3 Nd5 31. Ne4 Rc8 32. Rd2 Rxd2 33.
Nxd2 d3 0-1

[Event "Dyfed Open"]
[Site "Fishguard"]
[Date "2020.02.16"]
[Round "4.3"]
[White "Zeidler, Sven P"]
[Black "Miles, Richard J"]
[Result "1/2-1/2"]
[WhiteElo "2186"]
[BlackElo "1968"]
[PlyCount "100"]
[EventDate "2020.02.14"]
[EventType "swiss"]
[EventRounds "5"]
[EventCountry "WLS"]
[SourceTitle "BritBase"]
[Source "John Saunders"]
[SourceDate "2024.03.04"]
[SourceVersion "1"]
[SourceVersionDate "2020.02.18"]
[SourceQuality "1"]

1. e4 c5 2. Nc3 a6 3. g3 Nc6 4. Bg2 g6 5. d3 Bg7 6. Be3 d6 7. Qd2 Rb8 8. Nge2
Nd4 9. O-O e6 10. Rae1 b5 11. Nd1 b4 12. Nc1 Ne7 13. c3 bxc3 14. bxc3 Ndc6 15.
Bh6 O-O 16. Bxg7 Kxg7 17. Ne3 e5 18. f4 f6 19. fxe5 dxe5 20. Nb3 c4 21. Nxc4
Be6 22. Qe3 Bxc4 23. dxc4 Na5 24. Rd1 Nxc4 25. Qc5 Qb6 26. Rf2 Qxc5 27. Nxc5
Rfc8 28. Ne6+ Kf7 29. Bh3 Ne3 30. Ng5+ Kg7 31. Rd7 Rb1+ 32. Rf1 Rxf1+ 33. Bxf1
fxg5 34. Rxe7+ Kf6 35. Ra7 Rxc3 36. Rxa6+ Kf7 37. Ra7+ Kf6 38. Be2 Rc2 39. Kf2
Nd1+ 40. Ke1 Nc3 41. Bc4 g4 42. Rxh7 Nxa2 43. Bd5 Nb4 44. Rf7+ Kg5 45. Re7 Nd3+
46. Kf1 Rxh2 47. Bc4 Rf2+ 48. Kg1 Rd2 49. Kf1 Rf2+ 50. Kg1 Rd2 1/2-1/2

[Event "Dyfed Open"]
[Site "Fishguard"]
[Date "2020.02.16"]
[Round "4.4"]
[White "Powell, J Lloyd"]
[Black "Heap, Gerry"]
[Result "1/2-1/2"]
[WhiteElo "2064"]
[BlackElo "2111"]
[PlyCount "62"]
[EventDate "2020.02.14"]
[EventType "swiss"]
[EventRounds "5"]
[EventCountry "WLS"]
[SourceTitle "BritBase"]
[Source "John Saunders"]
[SourceDate "2024.03.04"]
[SourceVersion "1"]
[SourceVersionDate "2020.02.18"]
[SourceQuality "1"]

1. d4 Nf6 2. c4 e6 3. g3 d5 4. Bg2 Bb4+ 5. Bd2 Be7 6. Nf3 O-O 7. O-O dxc4 8.
Qc2 a6 9. a4 Nbd7 10. Na3 c5 11. Nxc4 cxd4 12. Nxd4 Nb6 13. Ba5 Qxd4 14. Nxb6
Rb8 15. Rac1 h6 16. Rfd1 Qe5 17. Bd2 Qxe2 18. Re1 Qh5 19. Bf4 e5 20. Rxe5 g5
21. Rxe7 gxf4 22. Nxc8 Rbxc8 23. Qxc8 Rxc8 24. Rxc8+ Kg7 25. h3 Qd1+ 26. Kh2 f3
27. Rcc7 fxg2 28. Rxf7+ Kg6 29. Rg7+ Kf5 30. Kxg2 Qd5+ 31. Kg1 Qd1+ 1/2-1/2

[Event "Dyfed Open"]
[Site "Fishguard"]
[Date "2020.02.16"]
[Round "4.5"]
[White "Hewitt, William AR"]
[Black "Garcia, Jason"]
[Result "1/2-1/2"]
[WhiteElo "1990"]
[BlackElo "2029"]
[PlyCount "34"]
[EventDate "2020.02.14"]
[EventType "swiss"]
[EventRounds "5"]
[EventCountry "WLS"]
[SourceTitle "BritBase"]
[Source "John Saunders"]
[SourceDate "2024.03.04"]
[SourceVersion "1"]
[SourceVersionDate "2020.02.18"]
[SourceQuality "1"]

1. e4 c5 2. Nf3 d6 3. c4 e5 4. Nc3 Nc6 5. g3 g6 6. d3 Bg7 7. Nd5 Nge7 8. Bg2
O-O 9. Be3 Nd4 10. Nxd4 exd4 11. Bg5 f6 12. Nxe7+ Qxe7 13. Bd2 Bd7 14. O-O Bc6
15. b4 b6 16. b5 Bb7 17. a4 a5 1/2-1/2

[Event "Dyfed Open"]
[Site "Fishguard"]
[Date "2020.02.16"]
[Round "4.6"]
[White "Marin Marin, Francisco Javier"]
[Black "May, Frank WLS"]
[Result "0-1"]
[WhiteElo "1776"]
[BlackElo "2019"]
[PlyCount "92"]
[EventDate "2020.02.14"]
[EventType "swiss"]
[EventRounds "5"]
[EventCountry "WLS"]
[SourceTitle "BritBase"]
[Source "John Saunders"]
[SourceDate "2024.03.04"]
[SourceVersion "1"]
[SourceVersionDate "2020.02.18"]
[SourceQuality "1"]

1. e4 d6 2. d4 g6 3. Nf3 Bg7 4. Bc4 e6 5. O-O a6 6. a4 b6 7. Re1 Ne7 8. Nc3 Nd7
9. Be3 Bb7 10. Ng5 d5 11. Qf3 O-O 12. exd5 Nf6 13. Rad1 exd5 14. Bd3 Bc8 15.
Rd2 Bf5 16. Bf4 h6 17. Nh3 Qd7 18. Bxf5 Nxf5 19. Be5 Rfe8 20. Rde2 c6 21. Nf4
h5 22. Nd3 a5 23. b4 axb4 24. Nxb4 Nh7 25. Bxg7 Kxg7 26. Qf4 Rxe2 27. Rxe2 Nf8
28. Nd3 f6 29. g4 hxg4 30. Qxg4 Ne6 31. Nf4 Nxf4 32. Qxf4 Kf7 33. Kf1 Qd6 34.
Qxd6 Nxd6 35. Re1 Rh8 36. Kg2 Rh4 37. Ne2 Re4 38. Kf3 g5 39. h3 f5 40. Kg2 Kf6
41. f3 Re3 42. c3 Nc4 43. Kf2 Rd3 44. Rb1 f4 45. Rb3 Kf5 46. Rb1 Rxf3+ 0-1

[Event "Dyfed Open"]
[Site "Fishguard"]
[Date "2020.02.16"]
[Round "4.7"]
[White "Waddington, Michael P"]
[Black "Haigh, Anthony J"]
[Result "1-0"]
[WhiteElo "2046"]
[BlackElo "1773"]
[PlyCount "29"]
[EventDate "2020.02.14"]
[EventType "swiss"]
[EventRounds "5"]
[EventCountry "WLS"]
[SourceTitle "BritBase"]
[Source "John Saunders"]
[SourceDate "2024.03.04"]
[SourceVersion "1"]
[SourceVersionDate "2020.02.18"]
[SourceQuality "1"]

1. Nc3 d5 2. e4 Nf6 3. e5 Nfd7 4. e6 fxe6 5. d4 c5 6. Nf3 g6 7. h4 Nf6 8. h5
gxh5 9. Bf4 Nc6 10. Nb5 Kd7 11. Nc7 Ne8 12. Nxa8 cxd4 13. Ne5+ Nxe5 14. Bxe5
Rg8 15. Bb5# 1-0

[Event "Dyfed Open"]
[Site "Fishguard"]
[Date "2020.02.16"]
[Round "4.8"]
[White "Taylor, Robert Graham"]
[Black "Jones, Iolo Cerredig"]
[Result "0-1"]
[WhiteElo "1844"]
[BlackElo "2163"]
[PlyCount "148"]
[EventDate "2020.02.14"]
[EventType "swiss"]
[EventRounds "5"]
[EventCountry "WLS"]
[SourceTitle "BritBase"]
[Source "John Saunders"]
[SourceDate "2024.03.04"]
[SourceVersion "1"]
[SourceVersionDate "2020.02.18"]
[SourceQuality "1"]

1. Nf3 Nf6 2. c4 e6 3. g3 b6 4. Bg2 Bb7 5. O-O Be7 6. Nc3 O-O 7. d3 d5 8. cxd5
exd5 9. Nb5 Ne8 10. Bf4 c6 11. Nbd4 Bf6 12. Qc1 Nd6 13. Bg5 c5 14. Nc2 Nd7 15.
Qf4 Bxg5 16. Nxg5 Qf6 17. Nh3 Nb5 18. a4 Qxf4 19. Nxf4 Nc7 20. b4 Rfe8 21. bxc5
Nxc5 22. Nb4 Rad8 23. a5 N5e6 24. axb6 axb6 25. Ra7 Nc5 26. Ra2 Rd6 27. d4 Nb3
28. e3 g5 29. Rb1 Na5 30. Ne2 Bc8 31. Nc3 Bf5 32. Rd1 Be6 33. Bf1 Rc8 34. Bg2
Nc6 35. Nd3 Bf5 36. Ne5 Na5 37. Na4 f6 38. Nf3 Nc4 39. Nc3 b5 40. Ra7 b4 41.
Na4 Nb5 42. Rb7 Nc3 43. Ra1 Ra8 44. Rxb4 Bd7 45. Ne1 Rxa4 46. Raxa4 Nxa4 47.
Bxd5+ Rxd5 48. Rxc4 Nb6 49. Rc7 Rd6 50. Kg2 Nd5 51. Ra7 Bc6 52. Kg1 Bb5 53. h3
Rc6 54. Ra1 Be2 55. Kg2 Nb4 56. Rb1 Rc4 57. Rb2 Bd1 58. Rd2 Ba4 59. f4 Bc6+ 60.
Kf2 h6 61. fxg5 hxg5 62. h4 gxh4 63. gxh4 Be4 64. Kg3 Nd5 65. Kf2 Rc3 66. Re2
Kg7 67. Nf3 Kg6 68. Nd2 Bd3 69. Re1 Rc2 70. Rg1+ Kh5 71. e4 Rxd2+ 72. Ke1 Re2+
73. Kd1 Nc3+ 74. Kc1 Rc2# 0-1

[Event "Dyfed Open"]
[Site "Fishguard"]
[Date "2020.02.16"]
[Round "4.9"]
[White "Richmond Garwell, Jane"]
[Black "Pinch, David"]
[Result "1-0"]
[WhiteElo "2101"]
[BlackElo "1667"]
[PlyCount "79"]
[EventDate "2020.02.14"]
[EventType "swiss"]
[EventRounds "5"]
[EventCountry "WLS"]
[SourceTitle "BritBase"]
[Source "John Saunders"]
[SourceDate "2024.03.04"]
[SourceVersion "1"]
[SourceVersionDate "2020.02.18"]
[SourceQuality "1"]

1. e4 e5 2. Nf3 Nf6 3. Nxe5 d6 4. Nf3 Nxe4 5. d4 d5 6. Bd3 Nc6 7. O-O Be7 8.
Nbd2 Bf5 9. Nb3 O-O 10. c3 Qd7 11. Re1 Rfe8 12. Bf4 Bd6 13. Bxd6 Qxd6 14. Nh4
Bg6 15. Nxg6 hxg6 16. Bxe4 Rxe4 17. Rxe4 dxe4 18. Nc5 Qd5 19. Qb3 Qxb3 20. axb3
b6 21. Nxe4 a5 22. f3 f6 23. Kf2 Re8 24. Re1 Kf7 25. Re3 Re6 26. d5 Rxe4 27.
Rxe4 Ne5 28. Ke2 g5 29. h4 gxh4 30. Rxh4 f5 31. Ke3 Kf6 32. Rh8 Ke7 33. Rg8 g6
34. Kd4 Kd6 35. c4 c5+ 36. Ke3 a4 37. f4 Ng4+ 38. Kd2 axb3 39. Rxg6+ Kc7 40.
Rxg4 1-0

[Event "Dyfed Open"]
[Site "Fishguard"]
[Date "2020.02.16"]
[Round "4.11"]
[White "Dixon, Chris"]
[Black "Barnaby, Nicholas"]
[Result "0-1"]
[WhiteElo "1754"]
[BlackElo "1750"]
[PlyCount "66"]
[EventDate "2020.02.14"]
[EventType "swiss"]
[EventRounds "5"]
[EventCountry "WLS"]
[SourceTitle "BritBase"]
[Source "John Saunders"]
[SourceDate "2024.03.04"]
[SourceVersion "1"]
[SourceVersionDate "2020.02.18"]
[SourceQuality "1"]

1. d4 Nf6 2. Nc3 d5 3. Bf4 a6 4. e3 Bf5 5. f3 h6 6. g4 Bg6 7. Bd3 Bxd3 8. Qxd3
e6 9. O-O-O Nc6 10. Nge2 Qd7 11. h4 O-O-O 12. Kb1 Be7 13. Nc1 Na5 14. g5 Nh5
15. N1e2 Nxf4 16. exf4 g6 17. Rdg1 hxg5 18. fxg5 Nc4 19. f4 Nd6 20. Ng3 Nf5 21.
Nxf5 exf5 22. Ne2 Bd6 23. Qf3 c6 24. Rc1 Kb8 25. h5 Rxh5 26. Rxh5 gxh5 27. Qxh5
Qe6 28. Qf3 Re8 29. Ng3 Bc7 30. a3 f6 31. Rh1 fxg5 32. fxg5 f4 33. Rh6 Qe1+ 0-1

[Event "Dyfed Open"]
[Site "Fishguard"]
[Date "2020.02.16"]
[Round "4.12"]
[White "Orton, Paul"]
[Black "Van Kemenade, Rudy"]
[Result "0-1"]
[WhiteElo "1580"]
[BlackElo "1889"]
[PlyCount "66"]
[EventDate "2020.02.14"]
[EventType "swiss"]
[EventRounds "5"]
[EventCountry "WLS"]
[SourceTitle "BritBase"]
[Source "John Saunders"]
[SourceDate "2024.03.04"]
[SourceVersion "1"]
[SourceVersionDate "2020.02.18"]
[SourceQuality "1"]

1. d4 f5 2. Nf3 Nf6 3. g3 g6 4. Bg2 Bg7 5. O-O O-O 6. c4 d6 7. b3 Nc6 8. Bb2
Qe8 9. Nc3 e5 10. dxe5 dxe5 11. Nd5 Rf7 12. Ng5 Rd7 13. Nxf6+ Bxf6 14. Bd5+ Kh8
15. Qc1 Nd8 16. f4 h6 17. Nf3 c6 18. fxe5 cxd5 19. Qxh6+ Rh7 20. exf6 Kg8 21.
Qd2 dxc4 22. Ng5 Rd7 23. Qc3 Nf7 24. Qxc4 Qe3+ 25. Kh1 Qxg5 26. Qe6 Rd8 27. Qe7
Bd7 28. Rf4 Bc6+ 29. Kg1 Re8 30. Qb4 Rxe2 31. Bd4 Rg2+ 32. Kf1 Rxh2 33. Qc3 Qh5
0-1

[Event "Dyfed Open"]
[Site "Fishguard"]
[Date "2020.02.16"]
[Round "4.13"]
[White "Jones, Martin C"]
[Black "Van Kemenade, Julie"]
[Result "1-0"]
[WhiteElo "1745"]
[BlackElo "1689"]
[PlyCount "86"]
[EventDate "2020.02.14"]
[EventType "swiss"]
[EventRounds "5"]
[EventCountry "WLS"]
[SourceTitle "BritBase"]
[Source "John Saunders"]
[SourceDate "2024.03.04"]
[SourceVersion "1"]
[SourceVersionDate "2020.02.18"]
[SourceQuality "1"]

1. d4 d6 2. c4 g6 3. Nf3 Bg7 4. Nc3 Nd7 5. g3 e5 6. Bg2 Ngf6 7. Bg5 h6 8. Bxf6
Qxf6 9. Nd5 Qd8 10. e4 c6 11. Nc3 Qe7 12. O-O O-O 13. Rc1 Rd8 14. Re1 Nf8 15.
h3 g5 16. a3 Ng6 17. b4 g4 18. hxg4 Bxg4 19. d5 Qf6 20. Qd3 h5 21. Nh2 Bd7 22.
c5 Bh6 23. Rcd1 Be8 24. dxc6 bxc6 25. cxd6 Bf8 26. Qe2 Bxd6 27. Qxh5 Bc7 28.
Ng4 Qg7 29. Qg5 Nf8 30. Nf6+ Kh8 31. Qh4+ Nh7 32. Nxe8 Rxe8 33. Rd7 Bb6 34.
Red1 Bd4 35. Ne2 Bb2 36. a4 Kg8 37. Rc7 Nf6 38. Rxc6 Rad8 39. Rxd8 Rxd8 40.
Qxf6 Rd1+ 41. Kh2 Qg4 42. Bh3 Qh5 43. Rc8+ Kh7 1-0

[Event "Dyfed Open"]
[Site "Fishguard"]
[Date "2020.02.16"]
[Round "4.14"]
[White "Probert, Malcolm"]
[Black "Greatorex, Roger"]
[Result "1/2-1/2"]
[WhiteElo "1565"]
[BlackElo "1735"]
[PlyCount "135"]
[EventDate "2020.02.14"]
[EventType "swiss"]
[EventRounds "5"]
[EventCountry "WLS"]
[SourceTitle "BritBase"]
[Source "John Saunders"]
[SourceDate "2024.03.04"]
[SourceVersion "1"]
[SourceVersionDate "2020.02.18"]
[SourceQuality "1"]

1. Nf3 d5 2. g3 c5 3. Bg2 Nc6 4. O-O e5 5. c4 d4 6. d3 Be7 7. e3 dxe3 8. fxe3
e4 9. dxe4 Qxd1 10. Rxd1 Bf6 11. Nbd2 Nge7 12. a3 O-O 13. Rb1 Rd8 14. b3 Bg4
15. Bb2 Bxf3 16. Bxf3 Bxb2 17. Rxb2 Ne5 18. Be2 Nd3 19. Bxd3 Rxd3 20. Kf2 Rad8
21. Ke2 Ng6 22. Rbb1 Ne5 23. Nf1 Rxd1 24. Rxd1 Rxd1 25. Kxd1 Kf8 26. Ke2 Ke7
27. Nd2 Kf6 28. Nb1 Ng4 29. h3 Ne5 30. Nc3 h6 31. Nd5+ Kg5 32. Nf4 g6 33. Nd5
h5 34. Nf4 Nc6 35. Nd3 Na5 36. Nxc5 b6 37. Nd3 Nxb3 38. Ne5 Kf6 39. Nc6 Nc5 40.
Kf3 a6 41. Nb4 b5 42. cxb5 axb5 43. Nd5+ Ke5 44. Nc3 g5 45. g4 h4 46. Nxb5 Nxe4
47. a4 Nc5 48. a5 Na6 49. Nd4 Nb8 50. Nf5 Na6 51. Nh6 f6 52. Nf5 Nc5 53. e4 Na6
54. Ke3 Nc5 55. Nd4 Na6 56. Nb3 Kd6 57. Kd4 Nb4 58. Kc4 Nc6 59. a6 Na7 60. Nd4
Ke5 61. Nb5 Nc8 62. Kd3 Kf4 63. Kd4 Kg3 64. Ke3 Kxh3 65. Kf3 Kh2 66. Kf2 Kh3
67. Kf3 Kh2 68. Kf2 1/2-1/2

[Event "Dyfed Open"]
[Site "Fishguard"]
[Date "2020.02.16"]
[Round "4.15"]
[White "Ley, Cyril J"]
[Black "Knight, Colin B"]
[Result "0-1"]
[WhiteElo "1603"]
[BlackElo "1759"]
[PlyCount "58"]
[EventDate "2020.02.14"]
[EventType "swiss"]
[EventRounds "5"]
[EventCountry "WLS"]
[SourceTitle "BritBase"]
[Source "John Saunders"]
[SourceDate "2024.03.04"]
[SourceVersion "1"]
[SourceVersionDate "2020.02.18"]
[SourceQuality "1"]

1. c4 Nf6 2. g3 g6 3. Bg2 Bg7 4. d3 O-O 5. Nc3 d6 6. Rb1 c5 7. Nd5 Nc6 8. Nxf6+
Bxf6 9. Bh6 Qa5+ 10. Kf1 Bg7 11. Bxg7 Kxg7 12. a3 Qc7 13. e3 a5 14. h4 h5 15.
Nh3 Bg4 16. f3 Bf5 17. g4 Be6 18. Nf4 Rh8 19. Rc1 hxg4 20. fxg4 Bd7 21. Nd5 Qd8
22. d4 e6 23. Qf3 exd5 24. cxd5 Nxd4 25. exd4 Rxh4 26. dxc5 Bxg4 27. Qc3+ Kg8
28. cxd6 Rc8 29. Qe1 Qf6+ 0-1

[Event "Dyfed Open"]
[Site "Fishguard"]
[Date "2020.02.16"]
[Round "4.16"]
[White "Francis, Matthew"]
[Black "Williams, R Gareth"]
[Result "0-1"]
[WhiteElo "1642"]
[BlackElo "1642"]
[PlyCount "70"]
[EventDate "2020.02.14"]
[EventType "swiss"]
[EventRounds "5"]
[EventCountry "WLS"]
[SourceTitle "BritBase"]
[Source "John Saunders"]
[SourceDate "2024.03.04"]
[SourceVersion "1"]
[SourceVersionDate "2020.02.18"]
[SourceQuality "1"]

1. e4 d5 2. exd5 Qxd5 3. Nf3 Bg4 4. Be2 Nc6 5. d4 O-O-O 6. c4 Qf5 7. Be3 e6 8.
O-O Nf6 9. Nc3 Bd6 10. c5 Bxc5 11. Qa4 Bd6 12. Nb5 a6 13. Nxd6+ Rxd6 14. b4
Bxf3 15. Bxf3 Nxd4 16. Bxd4 Rxd4 17. Rac1 Qb5 18. Qc2 Qb6 19. a3 Rhd8 20. Rfe1
Rd2 21. Qc5 Qxc5 22. Rxc5 Ra2 23. Rc3 Rdd2 24. Rec1 c6 25. Rf1 Nd5 26. Rb3 Kc7
27. Be4 h6 28. Bb1 Rab2 29. Rf3 f6 30. Rg3 g5 31. Rh3 f5 32. Rxh6 Nc3 33. Rxe6
Nxb1 34. Re3 f4 35. Re7+ Kb6 0-1

[Event "Dyfed Open"]
[Site "Fishguard"]
[Date "2020.02.16"]
[Round "5.1"]
[White "Young, Alan J"]
[Black "Williams, Arthur Howard"]
[Result "1/2-1/2"]
[WhiteElo "2051"]
[BlackElo "2246"]
[PlyCount "33"]
[EventDate "2020.02.14"]
[EventType "swiss"]
[EventRounds "5"]
[EventCountry "WLS"]
[SourceTitle "BritBase"]
[Source "John Saunders"]
[SourceDate "2024.03.04"]
[SourceVersion "1"]
[SourceVersionDate "2020.02.18"]
[SourceQuality "1"]

1. e4 e5 2. Nf3 Nc6 3. Bb5 a6 4. Ba4 d6 5. O-O Bd7 6. d4 exd4 7. Nxd4 b5 8.
Nxc6 Bxc6 9. Bb3 Nf6 10. Nc3 Be7 11. Re1 O-O 12. a4 b4 13. Nd5 Bxd5 14. exd5
Nd7 15. Be3 Bf6 16. Bd4 Nc5 17. Bc4 1/2-1/2

[Event "Dyfed Open"]
[Site "Fishguard"]
[Date "2020.02.16"]
[Round "5.2"]
[White "May, Frank WLS"]
[Black "Zeidler, Sven P"]
[Result "1/2-1/2"]
[WhiteElo "2019"]
[BlackElo "2186"]
[PlyCount "138"]
[EventDate "2020.02.14"]
[EventType "swiss"]
[EventRounds "5"]
[EventCountry "WLS"]
[SourceTitle "BritBase"]
[Source "John Saunders"]
[SourceDate "2024.03.04"]
[SourceVersion "1"]
[SourceVersionDate "2020.02.18"]
[SourceQuality "1"]

1. Nf3 f5 2. g3 Nf6 3. Bg2 g6 4. O-O Bg7 5. d3 d6 6. c4 Nc6 7. Nc3 O-O 8. Rb1
a5 9. a3 e5 10. b4 axb4 11. axb4 h6 12. b5 Ne7 13. Nd2 f4 14. Qb3 Kh7 15. Bb2
Rb8 16. Nde4 Be6 17. Nxf6+ Rxf6 18. Nd5 Nxd5 19. cxd5 Bg4 20. Qd1 Qd7 21. Bc3
Bh3 22. b6 Bxg2 23. Kxg2 c6 24. Qa4 Rf7 25. dxc6 Qxc6+ 26. Qxc6 bxc6 27. Rfc1
Rfb7 28. gxf4 Rxb6 29. Rxb6 Rxb6 30. fxe5 Bxe5 31. Bxe5 dxe5 32. Rc5 e4 33.
dxe4 Kg7 34. f4 Kf6 35. h4 Ke6 36. h5 Kd6 37. Ra5 g5 38. fxg5 hxg5 39. Rxg5 Rb2
40. Kf3 Rb1 41. Rg6+ Kd7 42. h6 c5 43. Rg5 Rh1 44. Rxc5 Rxh6 45. Ra5 Rh3+ 46.
Kf4 Rh4+ 47. Ke3 Rh2 48. Ra6 Ke7 49. Ra2 Rh1 50. Kd4 Rd1+ 51. Ke5 Re1 52. Ra7+
Kf8 53. Kf6 Rf1+ 54. Ke6 Rf2 55. Ra2 Rh2 56. e5 Rh6+ 57. Kf5 Rb6 58. Ra8+ Ke7
59. Ra7+ Ke8 60. e6 Rb1 61. Kf6 Rf1+ 62. Ke5 Rb1 63. e4 Rh1 64. e7 Rh5+ 65. Kf6
Rh6+ 66. Kg5 Rb6 67. Kf5 Rc6 68. e5 Rb6 69. e6 Rb5+ 1/2-1/2

[Event "Dyfed Open"]
[Site "Fishguard"]
[Date "2020.02.16"]
[Round "5.3"]
[White "Jones, Iolo Cerredig"]
[Black "Bourne, Johnathan Dudley"]
[Result "0-1"]
[WhiteElo "2163"]
[BlackElo "1904"]
[PlyCount "62"]
[EventDate "2020.02.14"]
[EventType "swiss"]
[EventRounds "5"]
[EventCountry "WLS"]
[SourceTitle "BritBase"]
[Source "John Saunders"]
[SourceDate "2024.03.04"]
[SourceVersion "1"]
[SourceVersionDate "2020.02.18"]
[SourceQuality "1"]

1. c4 Nf6 2. Nc3 g6 3. g3 Bg7 4. Bg2 c5 5. e3 Nc6 6. Nge2 O-O 7. O-O d6 8. d4
cxd4 9. exd4 Bf5 10. h3 h5 11. Bg5 Rc8 12. b3 Qd7 13. Kh2 Nh7 14. Be3 Nb4 15.
Ne4 d5 16. cxd5 Nxd5 17. Bd2 b6 18. Rc1 Rxc1 19. Bxc1 Rc8 20. Re1 Nhf6 21.
Nxf6+ Bxf6 22. Bd2 Bc2 23. Qa1 Bd3 24. Nc1 Bf5 25. h4 Rc2 26. Rd1 Bg4 27. f3
Bf5 28. Kg1 Qd6 29. Kf2 Nc3 30. Ne2 Bxd4+ 31. Kf1 Nxe2 0-1

[Event "Dyfed Open"]
[Site "Fishguard"]
[Date "2020.02.16"]
[Round "5.4"]
[White "Heap, Gerry"]
[Black "Harding, Gareth"]
[Result "1/2-1/2"]
[WhiteElo "2111"]
[BlackElo "1557"]
[PlyCount "59"]
[EventDate "2020.02.14"]
[EventType "swiss"]
[EventRounds "5"]
[EventCountry "WLS"]
[SourceTitle "BritBase"]
[Source "John Saunders"]
[SourceDate "2024.03.04"]
[SourceVersion "1"]
[SourceVersionDate "2020.02.18"]
[SourceQuality "1"]

1. g3 d5 2. Nf3 e6 3. Bg2 Nf6 4. O-O Be7 5. c4 c6 6. b3 O-O 7. Bb2 Nbd7 8. Qc2
Re8 9. d3 c5 10. Nbd2 d4 11. b4 e5 12. bxc5 Bxc5 13. Nb3 Qc7 14. Nfd2 Rb8 15.
a4 b6 16. a5 Bb7 17. axb6 Qxb6 18. Nxc5 Nxc5 19. Rfb1 Qc7 20. Rxa7 Qb6 21. Raa1
Bxg2 22. Kxg2 Qc6+ 23. Kg1 Ng4 24. Ba3 Ne6 25. Ne4 f5 26. Nd6 Ng5 27. f3 Nh3+
28. Kh1 Nhf2+ 29. Kg1 Nh3+ 30. Kh1 1/2-1/2

[Event "Dyfed Open"]
[Site "Fishguard"]
[Date "2020.02.16"]
[Round "5.5"]
[White "Richmond Garwell, Jane"]
[Black "Garcia, Jason"]
[Result "1/2-1/2"]
[WhiteElo "2101"]
[BlackElo "2029"]
[PlyCount "40"]
[EventDate "2020.02.14"]
[EventType "swiss"]
[EventRounds "5"]
[EventCountry "WLS"]
[SourceTitle "BritBase"]
[Source "John Saunders"]
[SourceDate "2024.03.04"]
[SourceVersion "1"]
[SourceVersionDate "2020.02.18"]
[SourceQuality "1"]

1. Nf3 Nf6 2. c4 e6 3. g3 d5 4. Bg2 Be7 5. O-O O-O 6. b3 c5 7. e3 Nc6 8. Bb2 a6
9. cxd5 exd5 10. d4 Bg4 11. dxc5 Ne4 12. Nc3 Bf6 13. Qc1 Nxc5 14. Rd1 Nb4 15.
Nxd5 Nxd5 16. Bxf6 Qxf6 17. Rxd5 Ne4 18. Ne5 Qxf2+ 19. Kh1 Nf6 20. Nd3 Qe2
1/2-1/2